[Event "La Paz Clasification op 1st"]
[Site "La Paz"]
[Date "2018.02.03"]
[Round "6"]
[White "Huanca, Edson"]
[Black "Nao, Jose"]
[Result "1-0"]
[WhiteElo "1974"]
[BlackElo "1845"]
[PlyCount "64"]
[EventDate "2018.02.01"]
[EventType "swiss"]
[EventRounds "8"]
[EventCountry "BOL"]
[SourceTitle "CBM 182 Extra"]
[Source "ChessBase"]
[SourceDate "2018.02.23"]
[SourceVersion "1"]
[SourceVersionDate "2018.02.23"]
[SourceQuality "1"]

1. e4 c5 2. Nc3 Nc6 3. Nge2 g6 4. g3 Bg7 5. Bg2 a6 6. 0-0 e6 7. h3 Nge7 8. f4 0-0 9. d3 d6 10. g4 f5 11. Ng3 Nd4 12. Nce2 Nec6 13. c3 Nxe2+ 14. Qxe2 fxg4 15. hxg4 Ne7 16. Be3 Rb8 17. Rf2 b5 18. Raf1 b4 19. d4 bxc3 20. bxc3 Qa5 21. f5 exf5 22. gxf5 gxf5 23. exf5 Bf6 24. Ne4 Kh8 25. Nxf6 Qc7 26. Nxh7 Bxf5 27. Nxf8 Rxf8 28. Qh5+ Kg8 29. Rxf5 Rxf5 30. Rxf5 Nxf5 31. Qxf5 Qe7 32. Bd5+ Kh8 1-0

[Event "South America-ch U16 12th"]
[Site "Santa Cruz"]
[Date "2015.12.06"]
[Round "8"]
[White "Huanca, Edson"]
[Black "Vivas Zamora, Fabian Ernesto"]
[Result "1/2-1/2"]
[WhiteElo "1934"]
[BlackElo "2169"]
[PlyCount "54"]
[EventDate "2015.12.02"]
[EventType "swiss"]
[EventRounds "9"]
[EventCountry "BOL"]
[SourceTitle "CBM 170 Extra"]
[Source "ChessBase"]
[SourceDate "2016.02.25"]
[SourceVersion "1"]
[SourceVersionDate "2016.02.25"]
[SourceQuality "1"]

1. e4 c5 2. Nc3 d6 3. Nge2 Nf6 4. g3 a6 5. Bg2 e5 6. d3 b5 7. 0-0 Be7 8. f4 b4 9. Nb1 a5 10. h3 h5 11. f5 Ba6 12. Bf3 Nbd7 13. Be3 Nb6 14. Nd2 c4 15. dxc4 Nxc4 16. Nxc4 Bxc4 17. b3 Ba6 18. Qd2 Bb7 19. Qd3 Ba6 20. Qd2 Bb7 21. Qd3 d5 22. exd5 Bxd5 23. Rad1 e4 24. Qb5+ Qd7 25. Qxd7+ Kxd7 26. Bxe4 Kc6 27. Nd4+ Kb7 1/2-1/2

[Event "South America-ch U16 12th"]
[Site "Santa Cruz"]
[Date "2015.12.03"]
[Round "3"]
[White "Huanca, Edson"]
[Black "Bolanos, Fernando"]
[Result "0-1"]
[WhiteElo "1934"]
[BlackElo "1959"]
[PlyCount "94"]
[EventDate "2015.12.02"]
[EventType "swiss"]
[EventRounds "9"]
[EventCountry "BOL"]
[SourceTitle "CBM 170 Extra"]
[Source "ChessBase"]
[SourceDate "2016.02.25"]
[SourceVersion "1"]
[SourceVersionDate "2016.02.25"]
[SourceQuality "1"]

1. e4 c5 2. Nc3 Nc6 3. Nge2 e6 4. g3 d5 5. Bg2 d4 6. Nb1 g6 7. 0-0 Bg7 8. d3 Nge7 9. f4 0-0 10. Nd2 e5 11. Nc4 Be6 12. Nxe5 Nxe5 13. fxe5 Bxe5 14. Bh6 Bg7 15. Bxg7 Kxg7 16. Nf4 Qd7 17. Nxe6+ Qxe6 18. Qf3 Nc6 19. Qf4 Rac8 20. Rf2 f6 21. Qh4 g5 22. Bh3 Qe8 23. Qg4 Rc7 24. Raf1 Ne5 25. Qe6 Qxe6 26. Bxe6 b5 27. h4 h6 28. hxg5 hxg5 29. Rh2 c4 30. dxc4 bxc4 31. Kg2 Rc6 32. Bd5 Rcc8 33. Rfh1 Rh8 34. Rxh8 Rxh8 35. Rxh8 Kxh8 36. b3 c3 37. Kf2 d3 38. cxd3 c2 39. d4 Nd7 40. Be6 Nb6 41. d5 c1Q 42. Kf3 Qc3+ 43. Kg4 Kg7 44. d6 Qd3 45. d7 Qxe4+ 46. Kh5 Qxe6 47. d8Q Qh3# 0-1

[Event "Cochabamba op 1st"]
[Site "Cochabamba"]
[Date "2015.01.30"]
[Round "4"]
[White "Huanca, Edson"]
[Black "Bolanos, Fernando"]
[Result "0-1"]
[WhiteElo "1690"]
[BlackElo "1915"]
[PlyCount "84"]
[EventDate "2015.01.29"]
[EventType "swiss"]
[EventRounds "7"]
[EventCountry "BOL"]
[SourceTitle "CBM 164 Extra"]
[Source "ChessBase"]
[SourceDate "2015.03.02"]
[SourceVersion "1"]
[SourceVersionDate "2015.03.02"]
[SourceQuality "1"]

1. e4 c5 2. Nf3 e6 3. d3 d5 4. Nbd2 Nf6 5. Be2 b6 6. 0-0 Be7 7. Re1 Bb7 8. c3 0-0 9. Qc2 Nc6 10. Nf1 Rc8 11. Ng3 Qc7 12. Bg5 dxe4 13. dxe4 a6 14. Rad1 Rfd8 15. e5 Nxe5 16. Nxe5 Qxe5 17. Bxa6 Rxd1 18. Qxd1 Qxg5 19. Bxb7 Rd8 20. Qb3 Ng4 21. Ne4 Qe5 22. g3 Qc7 23. Ba6 Ne5 24. Be2 Qc6 25. Qc2 c4 26. f4 Nd3 27. Bxd3 Rxd3 28. b4 Qd7 29. Nf2 Rd2 30. Rd1 Rxc2 31. Rxd7 Kf8 32. Nd1 Bf6 33. Nf2 Bxc3 34. a3 Ke8 35. Rd6 Ke7 36. Rd1 Bb2 37. a4 Ba3 38. a5 bxa5 39. bxa5 Bc5 40. Rf1 c3 41. a6 Rxf2 42. Rxf2 c2 0-1